Cargando…

Working for the clampdown : The Clash, the dawn of neoliberalism and the political promise of punk /

This volume brings together a range of writers from different academic disciplines and different locations to provide an engaging and accessible critical exploration of one of the most revered and reviled bands in the history of popular music. The essays collated here locate The Clash in their own e...

Descripción completa

Detalles Bibliográficos
Autor principal: Coulter, Colin, 1966- (Autor, Editor )
Formato: Electrónico eBook
Idioma:Inglés
Publicado: Manchester : Manchester University Press, 2019.
Colección:Book collections on Project MUSE.
Temas:
Acceso en línea:Texto completo

MARC

LEADER 00000cam a22000004a 4500
001 musev2_67178
003 MdBmJHUP
005 20230905050921.0
006 m o d
007 cr||||||||nn|n
008 190707t20192019enk o 00 0 eng d
020 |a 9781526114228 
020 |z 9781526114211 
020 |z 9781526114204 
020 |z 1526114224 
035 |a (OCoLC)1107634126 
040 |a MdBmJHUP  |c MdBmJHUP 
245 0 0 |a Working for the clampdown :   |b The Clash, the dawn of neoliberalism and the political promise of punk /   |c edited by Colin Coulter. 
264 1 |a Manchester :  |b Manchester University Press,  |c 2019. 
264 3 |a Baltimore, Md. :  |b Project MUSE,   |c 2019 
264 4 |c ©2019. 
300 |a 1 online resource (248 pages). 
336 |a text  |b txt  |2 rdacontent 
337 |a computer  |b c  |2 rdamedia 
338 |a online resource  |b cr  |2 rdacarrier 
505 0 0 |t Working for the clampdown : an introduction /  |r Colin Coulter --  |g Part I.  |t 'No Elvis, Beatles or the Rolling Stones' : the Clash, the politics of pop and the neoliberal conjuncture.  |t The Clash, revolution and reverse /  |r Jason Toynbee ;  |t The Clash and musical artistry : against the corporate voice /  |r Caroline Coon ;  |t 'Up in heaven (not only here)' : the Clash, left melancholila and the politics of redemption /  |r Colin Coulter --  |g Part II. 'Back in the garage with my bullshit detector' : the Clash and the cultural politics of punk.  |t 'Are you going backwards, or are you going forwards?'--England past and England future in 1970s punk /  |r Ruth Adams ;  |t Retrieving the messianic promise of punk : the Clash in 1977 /  |r Kevin Cashell ;  |t What if Keith Levene had never left the Clash? Punk and the politics of novelty /  |r Pete Dale ;  |t 'The beautiful people are ugly too' : the Clash as my 'true fiction' /  |r Martin James --  |g Part III.  |t It could be anywhere, most likely could be any frontier, any hemisphere : The Clash around the world.  |t 'Up and down the Westway' or 'live by the river'? Britishness, Englishness, London and the Clash /  |r Conrad Brunström ;  |t 'Cashing in the bill of rights'? The Clash, Gary Foley, punk politics and Indigenous Australian activism /  |r Alessandro Moliterno ;  |t Brigade Rosse : The Clash, Bologna and Italian punx /  |r Giacomo Bottà and Ferruccio Quercetti. 
520 |a This volume brings together a range of writers from different academic disciplines and different locations to provide an engaging and accessible critical exploration of one of the most revered and reviled bands in the history of popular music. The essays collated here locate The Clash in their own explosive cultural moment of punk's year zero and examine how the group speaks from beyond the grave to the uncanny parallels of other moments of social and political crisis. In addition, the collection considers the impact of the band in a range of different geopolitical contexts, with various contributors exploring what the band meant in settings as diverse as Italy, England, Northern Ireland, Australia and the United States. The diverse essays gathered in Working for the clampdown cast a critical light on both the cultural legacy and contemporary resonance of one of the most influential bands ever to have graced a stage. 
588 |a Description based on print version record. 
610 2 7 |a Clash (Musical group)  |2 fast  |0 (OCoLC)fst00562251 
610 2 0 |a Clash (Musical group) 
650 7 |a Punk rock musicians.  |2 fast  |0 (OCoLC)fst01084156 
650 7 |a Punk rock music.  |2 fast  |0 (OCoLC)fst01084153 
650 7 |a MUSIC  |x Genres & Styles  |x Punk.  |2 bisacsh 
650 6 |a Punk (Musique)  |x Histoire et critique. 
650 6 |a Punk (Musique)  |x Aspect politique. 
650 6 |a Musiciens punk  |z Angleterre  |v Biographies. 
650 0 |a Punk rock music  |x History and criticism. 
650 0 |a Punk rock music  |x Political aspects. 
650 0 |a Punk rock musicians  |z England  |v Biography. 
651 7 |a England.  |2 fast  |0 (OCoLC)fst01219920 
655 7 |a Biographies.  |2 rvmgf 
655 7 |a Biographies.  |2 lcgft 
655 7 |a Biographies.  |2 fast  |0 (OCoLC)fst01919896 
655 7 |a Criticism, interpretation, etc.  |2 fast  |0 (OCoLC)fst01411635 
655 2 |a Biography 
655 7 |a Electronic books.   |2 local 
700 1 |a Coulter, Colin,  |d 1966-  |e editor,  |e author. 
710 2 |a Project Muse.  |e distributor 
830 0 |a Book collections on Project MUSE. 
856 4 0 |z Texto completo  |u https://projectmuse.uam.elogim.com/book/67178/ 
945 |a Project MUSE - Custom Collection 
945 |a Project MUSE - 2019 Complete 
945 |a Project MUSE - 2019 Film, Theater and Performing Arts